Slovenská republika rád 1919 v slovenskej marxistickej historiografii (1948-1989)

Bibliographic Details
Main Author: Ďurišin, Martin (Author)
Format: Article
Language:Slovak

MARC

LEADER 00000nab a2200000uu 4500
001 vtls010883710
003 SK-MaSNL
005 20260303145127.0
008 230222|2009 xo |||||||||||||||||slo|
015 |a SNBRB 
035 |a (urnnbn)urn:nbn:sk:snk:ar-002843 
035 |a (uuid)2ab5abc8-6f50-404d-b325-c528e172c17a 
035 |a urn:nbn:sk:snk-ab8f6d 
040 |a SNKBUCL  |b slo  |c SNKBUCL  |e AACR2 
041 0 |a slo 
044 |a xo  |c SK 
100 1 |a Ďurišin, Martin  |4 aut  |9 422607 
245 1 0 |a Slovenská republika rád 1919 v slovenskej marxistickej historiografii (1948-1989)  |c Martin Ďurišin 
773 0 |t Acta historica Neosoliensia : ročenka Katedry histórie Fakulty humanitných vied Univerzity Mateja Bela v Banskej Bystrici  |g Roč. 12, č. 1-2 (2009), s. 187-212 
954 |a odborná, vedecká literatúra pôvodná (slovenská)  |2 lita 
958 |a OND 
958 |a EUIPO 
958 |a article10 
999 |c 2000683  |d 2002613